[Event "POR-chT 1st League 2017"]
[Site "Leiria"]
[Date "2017.07.19"]
[Round "4"]
[White "Martinez Duany, Lelys Stanley"]
[Black "Zelbel, Patrick"]
[Result "1-0"]
[WhiteElo "2495"]
[BlackElo "2452"]
[Annotator "TA"]
[PlyCount "40"]
[EventDate "2017.??.??"]
[EventType "team-tourn"]
[EventCountry "POR"]
[SourceTitle "playchess.com"]
[Source "ChessBase"]
[SourceQuality "1"]

{[%evp 10,40,14,11,18,0,38,43,49,15,24,0,58,41,81,79,80,78,145,148,172,175,209,193,408,171,166,0,107,-80,137,-116,21]} 1. Nf3 g6 2. d4 Bg7 3. e4 c5 4. dxc5 Qa5+ 5. Nc3 Bxc3+ 6. bxc3 Nf6 {B27: Sicilian: 2 Nf3, unusual Black 2nd moves} 7. Bd3 Qxc5 8. O-O d6 {White is slightly better.} 9. Rb1 $146 ({NOTEXT:} 9. Be3 Qxc3 10. Bd4 Qa5 11. e5 dxe5 12. Nxe5 O-O 13. Re1 Be6 14. Qf3 {½-½ (14) Vilela de Acuna,J (2405)-Verduga Zavala,D (2415) Bayamo 1989}) 9... O-O 10. Qd2 a6 ({Better is} 10... Nbd7 $11) 11. Qh6 Qh5 12. e5 $36 {[%mdl 2048] Black is under strong pressure.} dxe5 {[#] And now ...e4 would win.} 13. Qxh5 gxh5 (13... Nxh5 $142 14. Nxe5 Nc6 15. Nxc6 bxc6) 14. Nxe5 $16 Nc6 15. Re1 Nxe5 16. Rxe5 {[#] Strongly threatening Bh6.} Be6 $2 (16... Re8 {keeps fighting.} 17. c4 Kg7) 17. Rb4 (17. Bh6 $142 {Rg5+ would kill now.} Kh8 18. Bxf8 Rxf8 19. Rxb7) 17... Rfb8 18. Rb1 $2 ({White should play} 18. Bh6 $18 Kh8 19. Rg5) 18... b5 (18... Rf8 $1 $11 19. Bh6 Kh8 20. Bxf8 Rxf8 21. Rxb7 Rc8 22. Rxe7 Bxa2) 19. c4 $2 (19. a4 $16 {and life is bright.}) 19... Kf8 $2 (19... bxc4 $17 {stays on course.} 20. Rxb8+ Rxb8) 20. Rb3 $2 {[%mdl 8192]} (20. cxb5 $16 {keeps the pressure on. Black must now prevent b6.} axb5 21. Bh6+ (21. Rbxb5 Rxb5 22. Rxb5 Rxa2 $16) (21. Bxb5 Ng4 $16) (21. Rexb5 Rxb5 22. Bh6+ Ke8 $16) 21... Ke8 22. Bg7 (22. Rbxb5 Rxb5 23. Rxb5 Rxa2 $16) (22. Bxb5+ Bd7 $16) (22. Rexb5 Rxb5 23. Bxb5+ Bd7 $18)) 20... Rc8 {[%mdl 32768] Precision: White = 13%, Black = 23%. . Loss on Time!?} (20... bxc4 $17 21. Rxb8+ Rxb8) 1-0

[Event "POR-chT 1st League 2017"]
[Site "Leiria"]
[Date "2017.07.19"]
[Round "4"]
[White "Suarez Garcia, Carlos"]
[Black "Cavaleiro, Daniel Felipe Costa"]
[Result "1-0"]
[WhiteElo "2455"]
[BlackElo "2006"]
[Annotator "TA"]
[PlyCount "103"]
[EventDate "2017.??.??"]
[EventType "team-tourn"]
[EventCountry "POR"]
[SourceTitle "playchess.com"]
[Source "ChessBase"]
[SourceQuality "1"]

1. d4 {Program Activation Required} Nf6 2. c4 e6 3. g3 d5 4. Bg2 Be7 5. Nf3 O-O 6. O-O Nbd7 7. Qc2 c6 8. Nbd2 b6 9. e4 dxe4 10. Nxe4 Nxe4 11. Qxe4 Ba6 12. b3 Rc8 13. Rd1 Nf6 {E09: Closed Catalan: Main Line: 7 Qc2 c6 8 Nbd2} (13... b5 14. Qc2 bxc4 15. bxc4 c5 16. Ne5 cxd4 17. Rxd4 Nxe5 18. Rxd8 Rfxd8 19. Bf4 Rxc4 20. Qb3 Nd3 21. Be3 {1-0 (36) Gajewski,G (2607)-Babula,V (2566) Wroclaw 2011}) 14. Qc2 Qc7 15. Bf4 Bd6 16. Bxd6 Qxd6 17. c5 Qe7 18. b4 $146 ({NOTEXT:} 18. Re1 Rfd8 19. Ne5 Nd5 20. a3 bxc5 21. dxc5 {1-0 (30) Doncea,V (2423)-Suciu,D (2206) Arad 2015}) 18... Rfd8 19. Ne5 Nd5 20. Rab1 f6 21. Nf3 Qf7 22. Bh3 Rc7 23. Re1 Bc8 24. Nd2 b5 25. Ne4 Qh5 26. Bg2 Qg4 27. Qd2 Ne7 28. h3 Qg6 29. Qf4 Nd5 30. Qh4 Ne7 31. Qf4 Nd5 32. Qd2 Ne7 33. Nd6 Nf5 34. Be4 Qg5 35. Qxg5 fxg5 36. Bxf5 exf5 37. Re5 f4 38. Rbe1 Rf8 39. g4 h6 40. Re7 Rxe7 41. Rxe7 Kh7 42. Ne8 Kh8 43. Kg2 h5 44. Kf3 hxg4+ 45. hxg4 Bd7 46. Nd6 Bc8 47. Nf7+ Kh7 48. Nxg5+ Kg6 49. Ne4 Rd8 50. Nd6 Rf8 51. Nxc8 Rxc8 52. Kxf4 1-0

[Event "POR-chT 1st League 2017"]
[Site "Leiria"]
[Date "2017.07.19"]
[Round "4"]
[White "Camacho Collados, Marcos"]
[Black "Brodowski, Piotr"]
[Result "1/2-1/2"]
[WhiteElo "2417"]
[BlackElo "2442"]
[Annotator "TA"]
[PlyCount "110"]
[EventDate "2017.??.??"]
[EventType "team-tourn"]
[EventCountry "POR"]
[SourceTitle "playchess.com"]
[Source "ChessBase"]
[SourceQuality "1"]

1. e4 {Program Activation Required} c5 2. Nc3 Nc6 3. Bb5 Nd4 4. Nf3 a6 5. Bd3 e6 6. O-O d6 7. Nxd4 {B30: Sicilian: 2...Nc6 3 Bb5, lines without ...g6} (7. Re1 g5 8. b3 Bg7 9. Bb2 h6 10. Qc1 Ne7 11. Nd1 e5 12. Ne3 Ng6 {0-1 (12) Brochet,P (2409)-Miton,K (2618) Chartres 2017}) 7... cxd4 8. Ne2 Qb6 9. c3 dxc3 10. bxc3 Nf6 11. Ba3 $146 ({NOTEXT:} 11. Bc2 Bd7 12. d4 Bc6 13. Ng3 h5 14. h4 Be7 {1-0 (39) Macko,M (2166)-Kravec,P (2085) Slovakia 2017}) 11... Qc7 12. Rb1 Be7 13. Qa4+ Nd7 14. Ng3 O-O 15. Qd1 b5 16. f4 Bb7 17. Qe2 Rfe8 18. Kh1 Bf8 19. Rfc1 d5 20. Bxf8 Nxf8 21. e5 Rac8 22. Qe3 Nd7 23. Bc2 Qc6 24. d4 g6 25. Bd3 Qc7 26. Ne2 f5 27. g4 Nb6 28. Rg1 Nc4 29. Qh3 Kh8 30. gxf5 gxf5 31. Qh6 Qf7 32. Rg3 Rg8 33. Rbg1 Rxg3 34. Nxg3 Ne3 35. Ne2 Ng4 36. Qh4 Rg8 37. h3 Ne3 38. Rxg8+ Qxg8 39. Ng3 Bc6 40. Kh2 Qf8 41. Qh5 Be8 42. Qe2 Nc4 43. Bxc4 dxc4 44. Qf3 Bg6 45. h4 Qc8 46. Nh5 Bxh5 47. Qxh5 b4 48. d5 bxc3 49. Qf7 c2 50. Qf6+ Kg8 51. Qg5+ Kh8 52. Qf6+ Kg8 53. Qg5+ Kh8 54. Qf6+ Kg8 55. Qg5+ Kh8 1/2-1/2

[Event "POR-chT 1st League 2017"]
[Site "Leiria"]
[Date "2017.07.19"]
[Round "4"]
[White "Polaczek, Richard"]
[Black "Sousa, Andre Ventura"]
[Result "1/2-1/2"]
[WhiteElo "2406"]
[BlackElo "2368"]
[Annotator "NA"]
[PlyCount "70"]
[EventDate "2017.??.??"]
[EventType "team-tourn"]
[EventCountry "POR"]
[SourceTitle "playchess.com"]
[Source "ChessBase"]
[SourceQuality "1"]
[TimeControl "5400+30"]

1. d4 {[%emt 0:00:44]} Nf6 {[%emt 0:00:04]} 2. Nf3 {[%emt 0:00:09]} d5 {[%emt 0:00:11]} 3. c4 {[%emt 0:01:18]} e6 {[%emt 0:00:03]} 4. Nc3 {[%emt 0:01:36]} dxc4 {[%emt 0:00:04]} 5. Qa4+ {[%emt 0:02:01]} c6 {[%emt 0:00:04]} 6. Qxc4 {[%emt 0:00:18]} b5 {[%emt 0:00:02]} 7. Qd3 {[%emt 0:01:16]} a6 {[%emt 0:00:03]} 8. e4 {[%emt 0:00:27]} c5 {[%emt 0:03:02]} 9. dxc5 {[%emt 0:02:14]} Bxc5 {[%emt 0:01:22]} 10. e5 {[%emt 0:02:37]} Ng4 {[%emt 0:08:59]} 11. Qxd8+ {[%emt 0:14:31]} Kxd8 {[%emt 0:00:06]} 12. Bg5+ {[%emt 0:00:11]} Ke8 {[%emt 0:04:27]} 13. Ne4 {[%emt 0:05:09]} Bb4+ {[%emt 0:00:24]} 14. Bd2 {[%emt 0:22:45]} Bxd2+ {[%emt 0:01:17]} 15. Nexd2 {[%emt 0:00:50]} Nc6 {[%emt 0:04:40]} 16. a4 {[%emt 0:00:31]} Rb8 {[%emt 0:01:21]} 17. axb5 {[%emt 0:00:15]} axb5 {[%emt 0:00:03]} 18. Rc1 {[%emt 0:00:33]} Ncxe5 $15 {[%emt 0:06:06]} 19. Nxe5 {[%emt 0:05:20]} Nxe5 {[%emt 0:00:05]} 20. Rc5 {[%emt 0:00:36]} Nd7 {[%emt 0:15:38]} 21. Bxb5 {[%emt 0:00:30]} Ke7 {[%emt 0:00:30]} 22. Bxd7 {[%emt 0:00:30]} Bxd7 {[%emt 0:00:30]} 23. b3 {[%emt 0:00:30]} Kd6 24. Rc3 {[%emt 0:00:30]} Bb5 {[%emt 0:01:00]} 25. f3 {[%emt 0:00:30]} Rhc8 {[%emt 0:09:51]} 26. Ne4+ {[%emt 0:09:48]} Ke5 {[%emt 0:01:06]} 27. Kd2 {[%emt 0:02:20]} f5 {[%emt 0:06:45]} 28. Nc5 {[%emt 0:00:28]} Ra8 {[%emt 0:00:07]} 29. Rhc1 {[%emt 0:07:59]} Ra2+ {[%emt 0:03:23]} 30. R3c2 {[%emt 0:00:48]} Rxc2+ {[%emt 0:00:15]} 31. Rxc2 {[%emt 0:00:03]} Kd5 {[%emt 0:00:08]} 32. b4 {[%emt 0:00:55]} e5 {[%emt 0:03:17]} 33. Ra2 {[%emt 0:02:54]} Kc4 {[%emt 0:00:28]} 34. Rc2+ {[%emt 0:00:11]} Kd5 {[%emt 0:00:04]} 35. Ra2 {[%emt 0:00:05]} Kc4 {[%emt 0:00:58]} 1/2-1/2

[Event "POR-chT 1st League 2017"]
[Site "Leiria"]
[Date "2017.07.19"]
[Round "4"]
[White "Luch, Michal"]
[Black "Cuenca, Jose Fdo"]
[Result "0-1"]
[WhiteElo "2393"]
[BlackElo "2498"]
[Annotator "TA"]
[PlyCount "60"]
[EventDate "2017.??.??"]
[EventType "team-tourn"]
[EventCountry "POR"]
[SourceTitle "playchess.com"]
[Source "ChessBase"]
[SourceQuality "1"]

{[%evp 9,60,34,89,21,29,-77,-43,-43,-43,-56,-35,-59,-67,-113,-119,-124,-116,-137,-149,-263,-262,-253,-235,-298,-283,-295,-285,-281,-285,-308,-305,-386,-403,-681,-672,-1018,-1018,-973,-942,-1089,-1066,-3414,-2622,-5900,-5895,-29986,-29987,-29989,-29990,-29990,-29991,-29991,-29992]} 1. d4 Nf6 2. c4 e6 3. Nc3 Bb4 4. Qc2 b6 5. e4 c5 {LiveBook: 138 Games} 6. d5 {E32: Nimzo-Indian: Classical (4 Qc2): 4...0-0} (6. e5 $16) 6... Qe7 $11 7. Qe2 $146 (7. Bg5 $11 {remains equal.}) ({Find the theoretical novelty and annotate with similar games:} 7. Nge2 exd5 8. exd5 O-O 9. Bd2 Bxc3 10. Qxc3 Ne4 11. Qe3 Re8 12. O-O-O b5 13. Ng3 Nxd2 14. Qxe7 Rxe7 15. Kxd2 bxc4 16. Bxc4 {1-0 (59) Rakhmanov,A (2670)-Rozum,I (2573) Sochi 2017}) 7... d6 (7... Bxc3+ $5 8. bxc3 d6 $15) 8. Bd2 {Black is slightly better.} O-O 9. f3 a6 10. O-O-O {[#]} b5 $1 {[%mdl 512]} 11. Qf2 (11. cxb5 axb5) 11... Nbd7 12. a3 {[#]} Ba5 $1 13. dxe6 fxe6 {[%cal Bf7e6,Be6e5][%mdl 32]} ({Weaker is} 13... Qxe6 14. Nh3 $11) 14. Bf4 (14. Qe1 $17) 14... Bxc3 15. bxc3 e5 16. Be3 {[#]} Ng4 $1 {[%mdl 512]} 17. Qd2 (17. fxg4 Rxf2) 17... Nxe3 18. Qxe3 Nb6 19. Qd2 Rd8 {[%cal Bf8d8,Bd8b8,Bb8b3][%mdl 32]} 20. Qb2 Be6 21. cxb5 (21. h4 $142) 21... axb5 $19 22. Bxb5 Nc4 23. Bxc4 Bxc4 24. Nh3 Rdb8 25. Qa1 Rb3 26. a4 Qd7 27. a5 Qb5 {Black mates.} 28. Rxd6 Rxa5 29. Rd8+ Kf7 30. Rd7+ Ke8 {Precision: White = 14%, Black = 85%.} 0-1

[Event "POR-chT 1st League 2017"]
[Site "Leiria"]
[Date "2017.07.19"]
[Round "4"]
[White "Trigo Urquijo, Sergio"]
[Black "Padeiro, Jose"]
[Result "1/2-1/2"]
[WhiteElo "2389"]
[BlackElo "2276"]
[Annotator "NA"]
[PlyCount "70"]
[EventDate "2017.??.??"]
[EventType "team-tourn"]
[EventCountry "POR"]
[SourceTitle "playchess.com"]
[Source "ChessBase"]
[SourceQuality "1"]
[TimeControl "5400+30"]

1. e4 {[%emt 0:00:00]} c6 {[%emt 0:03:38]} 2. Nc3 {[%emt 0:00:17]} d5 {[%emt 0:00:58]} 3. Qf3 {[%emt 0:00:26]} e6 {[%emt 0:03:11]} 4. d4 {[%emt 0:00:59]} Nf6 {[%emt 0:00:37] B11: Caro-Kann: Two Knights Variation} 5. e5 {[%emt 0:00:42]} Nfd7 {[%emt 0:00:11]} 6. Qg3 {[%emt 0:00:31]} (6. Nh3 Be7 7. Qg3 g6 8. Bg5 h6 9. Bxe7 Qxe7 {½-½ (9) Pilavov,G (2619)-Lastin,A (2617) Elista 2011}) 6... c5 {[%emt 0:06:39]} 7. Nb5 {[%emt 0:01:37]} cxd4 {[%emt 0:00:56]} 8. Nf3 {[%emt 0:00:41]} Nc6 {[%emt 0:03:21]} 9. Bd3 {[%emt 0:01:50]} Nb4 $146 {[%emt 0:05:38]} ({Predecessor:} 9... Nc5 10. Nbxd4 Nxd3+ 11. cxd3 Bb4+ 12. Kf1 g6 {0-1 (26) Van Riemsdijk,M (1833)-Garcia,L (2008) Sao Paulo 2013}) 10. O-O {[%emt 0:02:55]} Nxd3 {[%emt 0:03:25]} 11. cxd3 {[%emt 0:00:33]} a6 {[%emt 0:02:21]} 12. Nd6+ {[%emt 0:10:41]} Bxd6 {[%emt 0:00:06]} 13. exd6 {[%emt 0:00:13]} O-O {[%emt 0:06:07]} 14. Bh6 {[%emt 0:02:39]} Qf6 {[%emt 0:00:42]} 15. Bg5 {[%emt 0:01:11]} Qg6 {[%emt 0:00:38]} 16. Be7 {[%emt 0:01:34]} Qxg3 {[%emt 0:01:15]} 17. hxg3 {[%emt 0:01:39]} Re8 {[%emt 0:00:03]} 18. Nxd4 {[%emt 0:01:08]} e5 {[%emt 0:13:07]} 19. Nb3 {[%emt 0:06:02]} Nb8 $11 {[%emt 0:02:30]} 20. Nc5 {[%emt 0:22:17]} Bf5 {[%emt 0:19:18]} 21. f4 {[%emt 0:06:39]} exf4 {[%emt 0:05:01]} 22. Rxf4 {[%emt 0:01:29]} Bd7 {[%emt 0:04:40]} 23. Rb4 {[%emt 0:06:38]} b5 {[%emt 0:05:30]} 24. Nxd7 {[%emt 0:00:27]} Nxd7 {[%emt 0:00:03]} 25. a4 {[%emt 0:00:23]} f6 {[%emt 0:06:56]} 26. axb5 {[%emt 0:00:38]} axb5 {[%emt 0:00:04]} 27. Rc1 {[%emt 0:01:49]} Kf7 {[%emt 0:01:39]} 28. Rxb5 {[%emt 0:05:58]} Reb8 {[%emt 0:00:06]} 29. Rxb8 {[%emt 0:00:51]} Rxb8 {[%emt 0:00:03]} 30. Rc7 {[%emt 0:00:12]} Ke6 {[%emt 0:00:32]} 31. Rc2 {[%emt 0:00:35]} Ne5 {[%emt 0:01:34]} 32. Re2 {[%emt 0:11:29]} Kd7 {[%emt 0:00:26]} 33. Rc2 {[%emt 0:00:20]} Ke6 {[%emt 0:01:26]} 34. Re2 {[%emt 0:00:16]} Kd7 {[%emt 0:00:17]} 35. Rc2 {[%emt 0:02:14]} Ke6 1/2-1/2

[Event "POR-chT 1st League 2017"]
[Site "Leiria"]
[Date "2017.07.19"]
[Round "4"]
[White "Espineira Gonzalez, Diego"]
[Black "Iruzubieta Villaluenga, Jesus M"]
[Result "1-0"]
[WhiteElo "2364"]
[BlackElo "2428"]
[Annotator "TA"]
[PlyCount "127"]
[EventDate "2017.??.??"]
[EventType "team-tourn"]
[EventCountry "POR"]
[SourceTitle "playchess.com"]
[Source "ChessBase"]
[SourceQuality "1"]

{[%evp 18,127,10,-16,-31,-21,-13,-23,3,3,0,0,10,11,0,0,33,19,24,20,49,50,60,15,65,58,63,67,53,40,65,54,58,54,56,17,36,31,41,27,41,41,41,41,41,41,41,37,40,49,49,40,41,40,66,51,61,53,73,73,73,83,126,130,135,137,178,163,170,170,170,170,164,105,189,189,189,0,189,189,189,189,189,189,189,189,195,195,195,195,1642,1293,2923,2756,2407,2235,1695,1429,29971,29974,29971,29972,29978,29979,29979,29980,29980,29981,29981,29982,29983,29983]} 1. e4 c5 2. Nf3 Nc6 3. d4 cxd4 4. Nxd4 g6 5. Nb3 Bg7 6. Be2 Nf6 7. Nc3 O-O 8. O-O d6 9. Be3 Be6 10. f3 {LiveBook: 8 Games} d5 {B74: Sicilian Dragon: Classical System with 9 Nb3} (10... Rc8 11. Qd2 Ne5 12. Rad1 Nc4 13. Bxc4 Bxc4 14. Rfe1 Qc7 15. Nd4 a6 16. Rc1 e5 17. Nde2 Rfd8 18. Na4 {½-½ (56) Krzyzanowski,M (2417)-Kislinsky,A (2499) Orlova 2015}) 11. exd5 Nxd5 12. Nxd5 Qxd5 {Black has an edge.} (12... Bxd5 {is more complex.} 13. c3 Qd6 14. Qe1 Rad8 15. Qf2 b6) 13. Qxd5 Bxd5 14. c3 b6 15. Rfd1 Rfd8 16. Rd2 $146 ({Find the theoretical novelty and annotate with similar games:} 16. Bb5 Ne5 17. Bd4 Bc4 18. Bxe5 Bxb5 19. Bxg7 Kxg7 {0-1 (55) Buono,V-Jones,G (2237) Cortina d'Ampezzo 2002}) 16... Rd6 17. Bb5 {Strongly threatening Rxd5!} Ne5 18. Bf4 Rad8 19. Re1 f6 20. Red1 Kf8 21. Nd4 {[%cal Bb3d4,Bd4e2,Be2g3][%mdl 32]} Bf7 22. b3 Rc8 23. Ne2 Rxd2 24. Rxd2 g5 25. Bxe5 fxe5 26. Ng3 Bg6 27. c4 h5 28. Rd7 e4 29. Nxe4 Bxe4 30. fxe4 $14 {[%mdl 4096] Endgame KRB-KRB} a6 31. Bxa6 Ra8 32. Bb5 {Hoping for a4.} Rxa2 33. Rd8+ Kf7 34. Be8+ Ke6 35. Bxh5 Be5 36. Rd5 Rc2 37. Bf3 Rc3 38. Rb5 Bd4+ 39. Kf1 Bc5 40. Ke2 {aiming for Kd2.} Be3 41. Bg4+ Kf6 42. Rf5+ Kg6 43. Rf3 Bd4 44. Rxc3 Bxc3 $18 {KB-KB} 45. Kf3 ({White should try} 45. Kd3 $18 Bb2 46. b4) 45... e5 (45... Kf6 $16 46. Ke3 Ke5) 46. Bf5+ Kh5 47. Bg4+ Kg6 48. Bd7 Bb4 49. Kg4 Bc5 50. Be8+ Kf6 51. g3 {[%cal Bg2g3,Bg3h4,Bh4h5][%mdl 32]} Bb4 52. h4 gxh4 53. gxh4 Ke7 $2 {[#]} (53... Be1 54. Bb5 Bd2) 54. Kf5 $1 Kxe8 55. Kxe5 {KB-KP} Kd7 56. Kd5 Bd2 {[#]} 57. h5 $1 Be3 58. b4 {[%cal Bb3b4,Bb4c5,Bc5c6][%mdl 32] White mates.} Bd2 59. c5 bxc5 60. bxc5 Bh6 61. e5 {[%cal Be4e5,Be5e6][%mdl 32]} Bg5 62. c6+ Kc7 63. e6 Kd8 64. Ke4 {Precision: White = 84%, Black = 28%.} 1-0

[Event "POR-chT 1st League 2017"]
[Site "Leiria"]
[Date "2017.07.19"]
[Round "4"]
[White "Rocha, Sergio"]
[Black "Santos, Jose Alves"]
[Result "1-0"]
[WhiteElo "2364"]
[BlackElo "2196"]
[Annotator "NA"]
[PlyCount "82"]
[EventDate "2017.??.??"]
[EventType "team-tourn"]
[EventCountry "POR"]
[SourceTitle "playchess.com"]
[Source "ChessBase"]
[SourceQuality "1"]
[TimeControl "5400+30"]

1. d4 {[%emt 0:00:00]} d5 {[%emt 0:01:42]} 2. Nf3 {[%emt 0:00:00]} e6 {[%emt 0:00:42]} 3. c4 {[%emt 0:00:00]} c6 {[%emt 0:00:12]} 4. b3 {[%emt 0:00:21]} f5 {[%emt 0:00:35]} 5. g3 {[%emt 0:00:06]} Nf6 {[%emt 0:00:07]} 6. Bg2 {[%emt 0:00:04]} Bb4+ {[%emt 0:01:08]} 7. Bd2 {[%emt 0:01:22]} Bd6 {[%emt 0:00:09]} 8. Qc1 {[%emt 0:00:06]} Ne4 {[%emt 0:03:35]} 9. Bf4 {[%emt 0:01:35]} Qa5+ {[%emt 0:03:57]} 10. Bd2 {[%emt 0:02:57]} Nxd2 {[%emt 0:00:34]} 11. Nbxd2 {[%emt 0:00:04]} O-O {[%emt 0:00:24]} 12. e3 {[%emt 0:00:23]} Nd7 {[%emt 0:03:57]} 13. a3 {[%emt 0:00:34]} Qd8 {[%emt 0:06:12]} 14. O-O {[%emt 0:00:30]} g5 {[%emt 0:00:17]} 15. Ne1 {[%emt 0:00:49]} h5 {[%emt 0:18:27]} 16. Nd3 {[%emt 0:00:51]} Qf6 {[%emt 0:02:52]} 17. f4 {[%emt 0:01:12]} g4 {[%emt 0:06:03]} 18. h3 {[%emt 0:01:58]} gxh3 {[%emt 0:04:36]} 19. Bxh3 {[%emt 0:00:37]} c5 {[%emt 0:02:54]} 20. cxd5 {[%emt 0:02:09]} cxd4 {[%emt 0:01:31]} 21. Nc4 {[%emt 0:08:29]} Bc5 {[%emt 0:15:22]} 22. dxe6 {[%emt 0:07:34]} Qxe6 {[%emt 0:01:01]} 23. e4 {[%emt 0:00:17]} Qg6 {[%emt 0:01:07]} 24. Ra2 {[%emt 0:24:13]} fxe4 {[%emt 0:02:59]} 25. Bxd7 {[%emt 0:00:35]} exd3 {[%emt 0:01:29]} 26. Ne5 {[%emt 0:00:11]} Qd6 {[%emt 0:01:42]} 27. Rh2 {[%emt 0:06:16]} Bxd7 {[%emt 0:03:03]} 28. Nxd7 {[%emt 0:00:07]} Rf5 {[%emt 0:00:32]} 29. Qc4+ {[%emt 0:01:22]} Kg7 {[%emt 0:00:01]} 30. Ne5 {[%emt 0:00:22]} Raf8 {[%emt 0:04:38]} 31. b4 {[%emt 0:02:19]} Bb6 {[%emt 0:00:37]} 32. Qxd3 {[%emt 0:00:24]} Qe6 {[%emt 0:08:54]} 33. Re1 {[%emt 0:08:24]} Rc8 {[%emt 0:01:23]} 34. Nf3 {[%emt 0:00:47]} Rc3 {[%emt 0:00:43]} 35. Rxe6 {[%emt 0:06:26]} Rxd3 {[%emt 0:00:07]} 36. Kg2 {[%emt 0:00:31]} Rd5 {[%emt 0:00:59]} 37. Rh1 {[%emt 0:00:36]} Rxa3 {[%emt 0:00:33]} 38. Ne5 {[%emt 0:00:15]} d3 {[%emt 0:02:54]} 39. Rxh5 {[%emt 0:00:39]} Ra2+ {[%emt 0:01:27]} 40. Kh3 {[%emt 0:00:43]} Rxe5 {[%emt 0:00:32]} 41. Rhxe5 {[%emt 0:00:28]} Bg1 {[%emt 0:01:03]} 1-0

[Event "POR-chT 1st League 2017"]
[Site "Leiria"]
[Date "2017.07.19"]
[Round "4"]
[White "Hammes, Michael"]
[Black "Barrero Garcia, Carlos"]
[Result "1-0"]
[WhiteElo "2349"]
[BlackElo "2309"]
[Annotator "NA"]
[PlyCount "113"]
[EventDate "2017.??.??"]
[EventType "team-tourn"]
[EventCountry "POR"]
[SourceTitle "playchess.com"]
[Source "ChessBase"]
[SourceQuality "1"]
[TimeControl "5400+30"]

1. d4 Nf6 2. c4 g6 3. Nc3 Bg7 4. e4 d6 5. Nf3 {LiveBook: 28888 Games} O-O 6. Be2 e5 7. O-O Nc6 8. d5 Ne7 9. Nd2 a5 10. a3 Nd7 11. Rb1 f5 12. Qc2 Kh8 13. b4 Ng8 14. Bd3 {E97: King's Indian: Classical Main Line (6...e5 7 0-0 Nc6): 8 Be3 and 8 d5 Ne7, not 9 Ne1} (14. Nb3 a4 15. Nd2 Nh6 16. Nxa4 f4 17. Nc3 g5 18. g4 Nf6 19. h3 Nhg8 20. f3 h5 21. Rf2 Rf7 {½-½ (31) Roiz,M (2657)-Halkias,S (2566) Bursa 2010}) 14... f4 15. f3 Rf7 16. c5 $146 ({Predecessor:} 16. Na4 Bf8 17. c5 axb4 18. axb4 g5 19. Kh1 Rg7 20. Bb2 Nh6 21. Nc4 g4 {0-1 (32) Lock,G (2227)-Arakhamia Grant,K (2492) Edinburgh 2009}) 16... dxc5 17. bxc5 Nxc5 18. Be2 h5 19. Nb5 b6 20. Nc4 a4 $16 21. d6 c6 22. Nc7 Rb8 23. Bb2 Rxc7 24. dxc7 Qxc7 25. Nxb6 Rxb6 26. Qxc5 Qb7 27. Qc2 Be6 28. Ba1 Rb3 29. Rxb3 axb3 30. Qc3 Qa7+ 31. Kh1 Qxa3 32. Bb2 Qa4 33. Rc1 Ne7 34. Bc4 Bxc4 35. Qxc4 Qa2 36. Qc3 Qa4 37. Ra1 Qb5 38. Ba3 Nd5 39. exd5 e4 40. Qxc6 b2 41. Rb1 Qd3 42. Qe8+ Kh7 43. Qxe4 Qxa3 44. Rd1 Bf8 45. h3 Qb3 46. Qb1 Bd6 47. Rd2 Be5 48. Rd1 Bd6 49. Re1 Qxd5 50. Qxb2 Bc5 51. Qe5 Qd2 52. Rb1 Bd4 53. Qe7+ Kh6 54. h4 Bb2 55. Re1 Bf6 56. Qf8+ Kh7 57. Qf7+ 1-0

[Event "POR-chT 1st League 2017"]
[Site "Leiria"]
[Date "2017.07.19"]
[Round "4"]
[White "Vasques, Antonio Pedro Freix"]
[Black "Iturrizaga Bonelli, Eduardo"]
[Result "0-1"]
[WhiteElo "2307"]
[BlackElo "2664"]
[Annotator "TA"]
[PlyCount "54"]
[EventDate "2017.??.??"]
[EventType "team-tourn"]
[EventCountry "POR"]
[SourceTitle "playchess.com"]
[Source "ChessBase"]
[SourceQuality "1"]

{[%evp 18,54,32,24,17,-2,89,17,8,-11,-6,-16,-13,-40,-46,-57,6,-103,-51,-68,-32,-114,-106,-147,-101,-183,-194,-186,-187,-173,-139,-250,-169,-192,-156,-213,-215,-220,-214]} 1. e4 c5 2. Nf3 Nc6 3. d4 cxd4 4. Nxd4 e6 5. Nc3 Qc7 6. g3 a6 7. Bg2 Nge7 8. O-O Nxd4 {B47: Sicilian: Taimanov: 5 Nc3 Qc7 6 f4, 6 g3 and 6 Be2} 9. Qxd4 Nc6 10. Qd1 {LiveBook: 11 Games} (10. Qd3 {seems wilder.} Be7 11. f4 Bc5+ 12. Kh1 d6 13. Ne2) 10... Bc5 {White has an edge.} (10... Be7 11. b3 O-O 12. Bb2 d6 13. Ne2 b5 14. Qd2 Bb7 15. Rac1 Rfc8 16. Rfd1 {½-½ (48) Pineda Polanco,A (2248)-Granda Zuniga,J (2683) Antofagasta 2016}) 11. Bf4 Ne5 (11... d6 $11 {keeps the balance.}) 12. a4 $146 ({White should play} 12. Na4 $16) ({Predecessor:} 12. Na4 Be7 13. c4 O-O 14. c5 f6 15. Rc1 a5 16. Re1 {1-0 (46) Karrer,W-Simon,R Berlin West 1975}) 12... d6 $11 13. Qe2 O-O 14. Rfd1 Bd7 15. a5 Rac8 16. h3 Nc4 (16... f6 $15) 17. Bc1 (17. b3 $11 Nxa5 18. Qd2) 17... Nxa5 (17... Rfd8 $17 18. Bf1 Nxa5) 18. e5 $15 {[#]} Nc4 $1 {[%mdl 512] White must now prevent ...d5.} 19. Ne4 ({White should try} 19. exd6 $15 Nxd6 20. Bf4) (19. Qxc4 Bxf2+) 19... Nxe5 $17 20. c3 Bc6 21. b4 {[#]} (21. Bf4 $17) 21... Bxe4 $1 $19 {Black is clearly better.} 22. Bxe4 Ba7 23. Bf4 Bb8 24. Qh5 (24. c4 $17) 24... f5 25. Bg2 Qf7 26. Qe2 {[#]} (26. Qxf7+ $17 Rxf7 27. Ra2) 26... Nc4 $1 27. Qf3 d5 {Precision: White = 20%, Black = 46%.} 0-1